Construid un Perú más justo y reconciliado : (Registro nro. 10856)
[ vista simple ]
| 000 -Cabecera (24) | |
|---|---|
| Campo de control interno | 00953nam a22002774a 4500 |
| 001 - Número de control | |
| Campo de control | BIBLIOTECA MUNICIPAL DE BARRANCO |
| 007 - Tipo material - Descripcion fisica - info general | |
| Tipo material | ta |
| 008 - Códigos de longitud fija (40p) | |
| Campo de control de longitud fija | t pe gr 00| 0 spa d |
| 017 ## - DEPOSITO LEGAL (PERÚ) | |
| Número Depósito Legal | 2013-19062 |
| 020 ## - INTERNATIONAL STANDARD BOOK NUMBER | |
| ISBN | 978-612-00-1444-8 |
| 040 ## - Origen de la Catalogacion | |
| Origen de la Catalogacion | BIBLIOTECA MUNICIPAL DE BARRANCO |
| 041 ## - Código de idioma (R) | |
| Código de lengua del texto/banda sonora o título independiente (R) | spa |
| 043 ## - Pais ISO | |
| País ISO | pe |
| 082 ## - Número de la Clasificación | |
| Numero de edición | 252.68 |
| Número de documento/Ítem | E32C 2013. |
| 100 ## - Autor Personal | |
| Autor Personal | Eguren Anselmi, José AntonioMonseñor, 1956- |
| 245 ## - Titulo | |
| Titulo | Construid un Perú más justo y reconciliado : |
| Subtitulo | homilías y oraciones patrióticas / |
| Mencion del autor | Mons. José Antonio Eguren Anselmi. |
| 250 ## - Mencion de edicion | |
| Edicion | 1a ed. |
| 260 ## - Pie de imprenta | |
| Ciudad | Piura : |
| Editorial | [s.n.], |
| Año | 2013. |
| 300 ## - Descripcion | |
| Páginas | 352 p. ; |
| Dimensiones | 20 cm. |
| 504 ## - Nota Bibliografica | |
| Nota bibliografica | Incluye referencias bibliográficas. |
| 610 #0 - Punto de acceso adicional de materia - Nombre de entidad corporativa (R) | |
| 9 (RLIN) | 7245 |
| Nombre de entidad corporativa o nombre de jurisdicción como elemento inicial (NR | Iglesia Católica-Sermones. |
| 650 #0 - Temas - Descriptores | |
| 9 (RLIN) | 7246 |
| Temas - Descriptores | Sermones-Perú. |
| 650 #0 - Temas - Descriptores | |
| 9 (RLIN) | 7247 |
| Temas - Descriptores | Iglesia y problemas sociales-Perú-Iglesia Católica. |
| 650 #0 - Temas - Descriptores | |
| 9 (RLIN) | 7248 |
| Temas - Descriptores | Patriotismo-Perú. |
| 942 ## - Datos personalizados Koha | |
| Tipo de Documento | Libros |
| Fecha procesamiento | 2025-04-28 |
| Catalogador | AAOH |
| Fuente de Clasificacion | Deterioro (estado) | Ubicacion permanente | Ubicacion actual | Fecha de Ingreso a la Biblioteca | Numero inventario | Prestamos | Signatura Topográfica | Código de barras | Ultima fecha de verificacion | Tipo de Item | Ubicación en edificio | Precio dolares |
|---|---|---|---|---|---|---|---|---|---|---|---|---|
| Dewey Decimal Classification | Biblioteca Municipal Manuel Beingolea | Biblioteca Municipal Manuel Beingolea | 04/28/2025 | 002718 | 252.68 E32C 2013 | 002718 | 04/28/2025 | Libros | Estantería cerrada |





